Knowledge for Action <A> Guide to Overcoming Barriers to Organizational Change

Enregistré dans:
Détails bibliographiques
Auteur principal: Argyris, Chris
Format: Livre
Langue:anglais
Publié: San Francisco Jossey-Bass Publ. 1993
Édition:1. ed.
Sujets:
Tags: Ajouter un tag
Pas de tags, Soyez le premier à ajouter un tag!

MARC

LEADER 00000nam a2200000 4500
001 c014355
005 20221206075542.9
020 |a 1-55542-519-4 
041 0 |a eng 
044 |a US 
245 1 0 |a Knowledge for Action  |b <A> Guide to Overcoming Barriers to Organizational Change  |c Chris Argyris 
250 |a 1. ed. 
264 1 |a San Francisco  |b Jossey-Bass Publ.  |c 1993 
300 |a 309 s. 
610 2 0 |a zmeny organizačné 
610 2 0 |a kvalifikácia 
610 2 0 |a rekvalifikácia 
610 2 0 |a štúdie prípadové 
100 1 |a Argyris, Chris